000
00287nam a22001337a 4500
008
170929b xxu||||| |||| 00| 0 eng d
020
_a
9781457690570
041
_a
eng
080
_2
6TH
_a
37
100
_a
47
101
_a
EDU
245
_a
STEP BY STEP
_c
GARDNER,J.N
942
_2
udc
_c
BK
999
_c
30693
_d
30693